Регионална библиотека "Любен Каравелов" - Русе

Изобразително изкуство за ІІІ клас (Запис номер 82971)

MARC детайли
000 -Лидер
Контролно поле с фиксирана дължина 01651nam a2200361 c 4500
003 - Код на организацията, давaща контролен номер
Контролно поле BLK
005 - Дата и час на последна редакция
Контролно поле 20220419104438.0
008 - Елементи от данни с фиксирана дължина
fixed length control field 180408b bul|||||r ||||||| ||bul||
010 ## - Наследен системен номер
LC control number KNG00087508000
020 ## - Международен стандартен номер на книга ISBN
Международен стандартен номер на книга ISBN 978-954-01-2092-8
-- издат.: Просвета
040 ## - Източник на каталожния запис
Идентификатор на билиотеката - собственик на записа BLK
041 ## - Код за език
Код за езика на текст/звукозапис или на отделно заглавие Български
Код за езика КДБФ Български
080 ## - УДК
Текстов определител УДК Изобразително изкуство в основното училище
УДК код - определител по УДК 372.875
УДК определител (075.2)
УДК - код + определител 372.875(075.2)
100 1# - Редна дума - Автор
Автор Ангелова, Лучия Малинова
Авторска отговорност първи автор
R(LIN) 369173
139 ## - Редно поле
Редна дума Ангелова, Лучия Малинова и др.
Авторски знак Ан - А 64
245 10 - Сведения за заглавието
Заглавие Изобразително изкуство за ІІІ клас
Редно поле (дума) Лучия Малинова Ангелова; съавт. Пламен Анатолиев Легкоступ.
250 ## - Област на изданието
Сведения за изданието 2. прераб. изд.
257 ## - Страна на издаване
Страна на създаване/издаване България
260 ## - Област на издателските данни
-- София
Име на издателя, разпространителя и проч. Просвета
Година на издаване 2008
Печатница София : Лито Балкан
300 ## - Физическа характеристика
Страници 92 с.
Илюстрации и др. с цв. ил.
Размери/Мащаб 29 см
380 ## - Жанр
Жанр Обществени науки
500 ## - Общи забележки
Забележка Авт. не са отбелязани на кор. - 1. изд. 2004.
650 #4 - Допълнително описание по предмет – тема
Основно описание – тема или топоним Изобразително изкуство - учебници за основни училища
9 (RLIN) 254793
653 ## - Ключова дума – ненормативна
Ключова дума изобразително изкуство
653 ## - Ключова дума – ненормативна
Ключова дума учебници за основни училища
653 ## - Ключова дума – ненормативна
Ключова дума ІІІ кл.
700 1# - Други автори (авторска отговорност)
Лично име Легкоступ, Пламен Анатолиев
Автороска отговорност (Описва отношението между автора и произведението) съавт.
9 (RLIN) 368790
852 ## - Местоположение
Форматна сигнатура Цб ІІ 15484
856 4# - Електронен адрес и достъп
Електронен формат pdf - файл
Път до файла /url/
856 4# - Електронен адрес и достъп
Електронен формат pdf - файл
Път до файла /url/
942 ## - АРТИКУЛИ
Вид на библиотечния материал Книги
Скрит в OPAC Не
Koha issues (borrowed), all copies 1
944 ## - СЪЗДАВАНЕ И РЕДАКЦИЯ на ЗАПИСА
Създаване/Редакция Създаване
Дата на регистрацията/редакция 27.01.2009
Статус, дата на статуса ф /
Служител, извършил регистрацията/редакцията Людмила_Стоянова
944 ## - СЪЗДАВАНЕ И РЕДАКЦИЯ на ЗАПИСА
Създаване/Редакция Редакция
Дата на регистрацията/редакция 09.07.2015
Статус, дата на статуса ф /
Служител, извършил регистрацията/редакцията Виолета_Тройчева
999 ## - СИСТЕМНИ КОНТРОЛНИ НОМЕРА
Koha biblionumber 82971
Koha biblioitemnumber 82971
Наличности
Код за отписване Код за изгубен артикул Код за повреда Коз за рестрикции Код за отдаване Артикулен № Име на библиотеката - собственик Име на библиотеката, в която се намира в момента Статус (Текущо местоположение) Дата на вписване в системата Местоположение - отдел Цена в лева Инвентарен номер Систематично азбучна сигнатура Баркод Номер на екземпляра Цена в евро Служебна бележка Служебен тип на артикула Източник на класификационната схема
  Не е изгубен Не е повреден без рестрикции ползва се в читалня 134937 Регионална библиотека "Любен Каравелов" Русе Регионална библиотека "Любен Каравелов" Русе Хранилище 2009-01-26 Хранилище 0.00 120000733121 Цб ІІ 15484 120000733121 1 0.00 Дост: Dp Вид: Д N: 35 Дата: 13.08.2008 Книги  
  Не е изгубен Не е повреден без рестрикции заемане за дома 134938 Регионална библиотека "Любен Каравелов" Русе Регионална библиотека "Любен Каравелов" Русе Детски отдел 2012-03-05 Детски отдел 8.00 120000756421 ДН 373.3.016/А 64 120000756421 2 4.09 Дост: DA Вид: А N: 3 Дата: 01.03.2012 Дата инв: 21.08.2015 Бележки инв: Д2015 Книги Universal Decimal Classification
Vip Innovations Ltd, Rousse, Bulgaria 2025